000 00364nam a22001457a 4500
020 _a9780198327660
050 _aTX354
_b.T85 1996
100 _aTull Anita
245 _aFood and nutrition
_cAnita Tull
250 _a3rd edition
260 _aChina;
_bPrintplus,
_c1996.
500 _aincludes index, table of contents
650 _v1.Food 2. Nutrition
942 _cGEN
999 _c416
_d416